000 02353nam0a2200409 4500
001 RU\NLR\bibl\288443
005 20260515110112.0
010 _a5-227-01533-3
_96000
021 _aRU
_b2002-13315
_9669
035 _a(NLR Aleph) 000283859
090 _a1661457
_c1661457
100 _a20020711d2001 u u0rusy50 ca
101 1 _arus
_ceng
102 _aRU
105 _ay |||||||||
200 1 _aСидней Рейли. Шпион-легенда XX века
_eШпион-легенда XX века
_e[Сб.]
_fРобин Брюс Локкарт
210 _aМ.
_cЦентрполиграф
_d2001
215 _a394,[2] с.
_d21
327 0 _aСодерж.: Ас шпионажа / Робин Брюс Локкарт. Приключения Сиднея Рейли / П. Бобадилья. Заключенный N° 73 / Т. Гладков
464 0 _12001#$aАс шпионажа$fРобин Брюс Локкарт
_1700#1$aЛоккарт$bР. Г.Б.$gРоберт Гамильтон Брюс$f1887-1970$3RU\NLR\AUTH\770165855$4070
_tАс шпионажа
_aЛоккарт, Роберт Гамильтон Брюс (1887-1970)
464 0 _12001#$aПриключения Сиднея Рейли$fПепита Бобадилья
_1700#1$aБобадилья$bП.$gПепита$4070
_tПриключения Сиднея Рейли
_aБобадилья, Пепита
464 0 _12001#$aЗаключенный N° 73$fТеодор Гладков
_1700#1$aГладков$bТ. К.$f1932-2012$gТеодор Кириллович$3RU\NLR\AUTH\7725030$4070
_tЗаключенный N° 73
_aГладков, Теодор Кириллович (1932-2012)
600 1 _aРейли
_bС.
_f1874-1925
_gСидней
_2psbo
600 1 _aРейли
_bС.
_f1874 - 1925
_gСидней
_91507025
_3RU\NLR\auth\66955872
610 0 _aАнглийский разведка
675 _a821.111-31Локкарт
_v3
_zrus
686 _a17.82
_2rugasnti
686 _a84(4Вел)-44
_2rubbk
686 _aЦ68,8(4Вл)-243дРейли
700 1 _4070
_7ca
_8rus
_aЛоккарт
_bР. Г. Б.
_f1887-1970
_gРоберт Гамильтон Брюс
_9165808
_3RU\NLR\AUTH\770165855
801 0 _aRU
_bRKP
_c20020711
_gPSBO
801 1 _aRU
_bRKP
_c20020711
801 2 _aRU
_bNLR
_c20050428
_grcr
942 _cBOOK
980 _aNB